Силовая электроника. Лабораторный практикум: учебное пособие

Detaylı Bibliyografya
Yazar: Буркин Е. Ю. Евгений Юрьевич
Müşterek Yazar: Национальный исследовательский Томский политехнический университет
Özet:Пособие включает лабораторные работы по следующим разделам: регуляторы переменного напряжения; однофазные и трехфазные выпрямители; преобразователи постоянного напряжения; однофазные инверторы. Для каждой лабораторной работы приведены необходимые теоретические сведения, программа работы и контрольные вопросы. Предназначено для студентов, обучающихся по направлению 11.03.04 "Электроника и наноэлектроника" и 12.03.04 "Биотехнические системы и технологии".
Dil:Rusça
Baskı/Yayın Bilgisi: Томск, Изд-во ТПУ, 2020
Konular:
Materyal Türü: Kitap
KOHA link:https://koha.lib.tpu.ru/cgi-bin/koha/opac-detail.pl?biblionumber=345833

MARC

LEADER 00000nam0a2200000 4500
001 345833
005 20240126124550.0
010 |a 9785438709411 
035 |a (RuTPU)RU\TPU\book\377686 
090 |a 345833 
100 |a 20210401d2020 m y0rusy50 ca 
101 0 |a rus 
102 |a RU 
105 |a a j 001zy 
200 1 |a Силовая электроника. Лабораторный практикум  |e учебное пособие  |f Е. Ю. Буркин  |g Национальный исследовательский Томский политехнический университет 
210 |a Томск  |c Изд-во ТПУ  |d 2020 
215 |a 101 с.  |c ил. 
320 |a Библиогр.: с. 98 
330 |a Пособие включает лабораторные работы по следующим разделам: регуляторы переменного напряжения; однофазные и трехфазные выпрямители; преобразователи постоянного напряжения; однофазные инверторы. Для каждой лабораторной работы приведены необходимые теоретические сведения, программа работы и контрольные вопросы. Предназначено для студентов, обучающихся по направлению 11.03.04 "Электроника и наноэлектроника" и 12.03.04 "Биотехнические системы и технологии". 
606 1 |a Электроника силовая  |2 stltpush  |3 (RuTPU)RU\TPU\subj\20340  |9 45449 
610 1 |a регуляторы переменного напряжения 
610 1 |a однофазные выпрямители 
610 1 |a трехфазные выпрямители 
610 1 |a преобразователи постоянного напряжения 
610 1 |a однофазные инверторы 
610 1 |a лабораторные работы 
610 1 |a учебные пособия 
610 1 |a труды учёных ТПУ 
675 |a 621.314.632(076.5)  |v 4 
700 1 |a Буркин  |b Е. Ю.  |c специалист в области электроники  |c доцент Томского политехнического университета, кандидат технических наук  |f 1971-  |g Евгений Юрьевич  |3 (RuTPU)RU\TPU\pers\30336  |9 14681 
712 0 2 |a Национальный исследовательский Томский политехнический университет  |c (2009- )  |3 (RuTPU)RU\TPU\col\15902  |9 26305 
801 1 |a RU  |b 63413507  |c 20210401 
801 2 |a RU  |b 63413507  |c 20220112  |g RCR 
942 |c BK